A modern japán birodalom születése

Japan represents a special case in the history of colonialism at the end of the 19th century. At the middle of the 19th century, it was a closed East Asian country that was forced by the Western colonial powers to open its doors to the outside world, but in the second half of the 19th century, it st...

Teljes leírás

Elmentve itt :
Bibliográfiai részletek
Szerző: Farkas Mária Ildikó
Dokumentumtípus: Cikk
Megjelent: 2023
Sorozat:Aetas 38 No. 1
Kulcsszavak:Japán története - 19-20. sz.
Tárgyszavak:
doi:10.14232/aetas.2023.1.63-88

Online Access:http://acta.bibl.u-szeged.hu/84541
LEADER 02641nab a2200241 i 4500
001 acta84541
005 20240314103708.0
008 240314s2023 hu o 0|| hun d
022 |a 0237-7934 
024 7 |a 10.14232/aetas.2023.1.63-88  |2 doi 
040 |a SZTE Egyetemi Kiadványok Repozitórium  |b hun 
041 |a hun 
041 |a eng 
100 1 |a Farkas Mária Ildikó 
245 1 2 |a A modern japán birodalom születése  |h [elektronikus dokumentum] /  |c  Farkas Mária Ildikó 
260 |c 2023 
300 |a 63-88 
490 0 |a Aetas  |v 38 No. 1 
520 3 |a Japan represents a special case in the history of colonialism at the end of the 19th century. At the middle of the 19th century, it was a closed East Asian country that was forced by the Western colonial powers to open its doors to the outside world, but in the second half of the 19th century, it started a modernization process following the „Western model”. Japan defined itself as a modern nation-state, and with the successful modernization, economic and military advancements it could acquire territories in Asia through military actions or agreements with the great colonizing powers. By the beginning of the 20th century, Japan had become a colonizing country in Asia, instead of being colonized. In order to understand this process thoroughly and to interpret Japanese colonization and imperialism at the end of the 19th century, it is necessary on one hand to briefly summarize East Asian international relations of the second half of the century, and to review the changing environment in which Japan had to find a place for itself in this era. On the other hand, the internal development of Japan must also be examined, especially the state in which the new challenges of the outside world reached the country, and the political and ideological sources of the response the political leaders of the time gave to them. Understanding Japanese development needs an examination of the characteristics and significance of Japanese cultural traditions and political thoughts, which influenced Japan's modern politics besides the "universal" models of that time (capitalist development, colonization, imperialism). This paper attempts to provide an interpretation of the multifaceted relationship between Japan and colonization with attention to the external and internal factors that influenced Japanese policy at the turn of the 19-20th centuries. 
650 4 |a Bölcsészettudományok 
650 4 |a Történettudomány és régészet 
695 |a Japán története - 19-20. sz. 
856 4 0 |u http://acta.bibl.u-szeged.hu/84541/1/aetas_2023_001_063-088.pdf  |z Dokumentum-elérés